Analytická a koloidní chemie Určeno pro posl. fak. agronomické

Bibliographic Details
Format: Book
Language:Czech
PhysicalDescription:253 s. 4°
Published: Praha Brno Státní pedagogické nakladatelství Vysoká škola zemědělská 1971
Edition:1. vyd.
Subjects:

MARC

LEADER 00000nam a2200000 a 4500
001 vtls001147962
003 SK-MaSNL
005 20260302031419.0
008 210928s1971 xr 0 cze
035 |a SNK000090821 
040 |a SNK  |b slo  |c SNK  |e AACR2 
041 0 |a cze 
044 |a xr  |c CZ 
080 |a 543(075.8)  |2 2001 
080 |a 544.77(075.8)  |2 2001 
245 0 |a Analytická a koloidní chemie  |b Určeno pro posl. fak. agronomické 
250 |a 1. vyd. 
260 |a Praha  |b Státní pedagogické nakladatelství  |a Brno  |b Vysoká škola zemědělská  |c 1971 
300 |a 253 s.  |c 4° 
500 |a Přehl.lit. S obr. a tb. v textu 
650 0 7 |a analytická chémia  |2 SNKPH  |9 849 
650 0 7 |a koloidná chémia  |2 SNKPH  |9 760 
655 7 |a učebnice vysokých škôl  |2 SNKPH  |9 70191 
852 |a Štátna vedecká knižnica v Banskej Bystrici 
958 |a OND 
999 |c 1052239  |d 1054169 
952 |t P60, <04>, [BOOK], {604}  |a SNK  |b SNK  |y VYP  |7 0  |p 17A0190901  |o snkIB 25913  |0 0  |1 0  |4 0  |d 1999-04-16  |l 0  |r 2005-01-01 00:00:00  |w 2026-02-24